Ce menu a-t-il vraiment existé ? - Statistiques

Statistiques générales
  • Ce quiz a été pris 42 fois
  • Le résultat moyen est 11 sur 20
Statistiques - réponses
Hint Réponse % Correct
Burger aux nouilles instantanées (Burger King, Indonésie) vrai
81%
Burger au riz et au saumon (McDonald’s, Japon) vrai
78%
Burger noir au charbon de bambou (Burger King, Japon) vrai
78%
Hamburger au Nutella (McDonald’s, Italie) vrai
76%
Pizza au caviar (Pizza Hut, Russie) vrai
76%
Taco en coquille de Doritos (Taco Bell, USA) vrai
73%
Poulet frit au chocolat (KFC, Japon) vrai
68%
Pizza au kiwi (Domino’s, Suède) vrai
68%
Burger glacé au caramel (Burger King, USA) vrai
65%
Donut fourré au poulet frit (KFC, USA) vrai
62%
Hamburger aux spaghettis (McDonald’s, Brésil) faux
51%
Baguette au foie gras (Quick, France) vrai
49%
Pizza à la croûte de hot-dogs (Pizza Hut, UK) vrai
49%
Pizza à la crème glacée (Pizza Hut, Japon) faux
46%
Milkshake goût cornichon (Wendy’s, Canada) faux
41%
Sundae au bacon (Burger King, USA) vrai
38%
Salade César au Coca-Cola (McDonald’s, Allemagne) faux
35%
Croissant Hot Dog (KFC, Corée du Sud) faux
30%
Croissant au cheddar fondu (McCafé, Canada) faux
24%
Wrap de sushi au boeuf (Subway, Thaïlande) faux
8%
Aucun quiz correspondant
Distribution des résultats
% des personnes avec chaque résultat
Percentile par nombre de réponses
Votre historique - résultats
Vous n’avez pas pris ce quiz